Một số biện pháp rèn luyện năng lực thích nghi trí tuệ cho học sinh trong dạy học hình học không gian thông qua hoạt động biến đổi đối tượng /
Αποθηκεύτηκε σε:
| Κύριος συγγραφέας: | |
|---|---|
| Μορφή: | Άρθρο |
| Γλώσσα: | Vietnamese |
| Θέματα: | |
| Ετικέτες: |
Προσθήκη ετικέτας
Δεν υπάρχουν, Καταχωρήστε ετικέτα πρώτοι!
|
| Thư viện lưu trữ: | Thư viện Trường Đại học Đà Lạt |
|---|
| LEADER | 00906nam a2200265 4500 | ||
|---|---|---|---|
| 001 | DLU140159009 | ||
| 005 | ##20140120 | ||
| 040 | # | # | |a DLU |b vie |
| 041 | # | # | |a vie |
| 044 | # | # | |a vn |
| 100 | # | # | |a Đỗ Văn Cường, |c ThS. |
| 245 | # | # | |a Một số biện pháp rèn luyện năng lực thích nghi trí tuệ cho học sinh trong dạy học hình học không gian thông qua hoạt động biến đổi đối tượng / |c Đỗ Văn Cường. |
| 653 | # | # | |a Kiến thức |
| 653 | # | # | |a Phát triển tư duy |
| 653 | # | # | |a Phát triển trí tuệ |
| 773 | # | # | |t Tạp chí Giáo dục |g Số 274(2), 2011, tr. 37-38 |
| 920 | # | # | |a Phòng Tạp chí -- Trung tâm Thông tin - Thư viện Trường Đại học Đà Lạt |
| 994 | # | # | |a DLU |
| 900 | # | # | |a True |
| 911 | # | # | |a Nguyễn Thị Linh Chi |
| 925 | # | # | |a G |
| 926 | # | # | |a A |
| 927 | # | # | |a BB |
| 980 | # | # | |a Thư viện Trường Đại học Đà Lạt |